000 01272nam a2200349 i 4500
001 000017919
003 DO-SdBNP
005 20240725151103.0
007 ta
008 100407s1999 dr abc 000 0 spa d
020 _a000613
040 _aDO-SdBNP
_bspa
_cBNPHU
_erda
049 _aBNPD
082 4 _a923.27291
_bM378G
_222
100 1 _aGómez Morel, Olga Lobetty de,
_938871
_eautor
245 1 0 _aJosé Martí en Montecristi /
_cOlga Lobetty Gómez de Morel.
264 _aSanto Domingo :
_bCentenario,
_c1999.
300 _a264 páginas :
_bilustraciones, mapas y retratos ;
_c21 cm.
336 _2rdacontent
_atexto
_btxt
337 _2rdamedia
_asin mediación
_bn
338 _2rdacarrier
_avolumen
_bnc
500 _aIncluye referencias bibliográficas y notas al pie de las páginas.
504 _aBibliografía : p. 261-262
590 _aInventariado, 2024/BT
600 1 4 _aMartí, José,
_d1853-1895
_xcorrespondencia, memorias, etc.
_938872
600 1 4 _aGómez, Máximo,
_d1836-1905
_912249
651 4 _aCuba
_xHistoria
_y1810-1899
_92159
651 4 _aCuba
_xHistoria
_yGuerra de Independencia, 1895-1898
_911019
651 4 _aRepública Dominicana
_xHistoria
_y1844-1930
_91009
910 _aValidado. Control de calidad. MMOLINA
942 _2ddc
_cLBS1
999 _c17443
_d17443